| 000 | 00682nam a22002297a 4500 | ||
|---|---|---|---|
| 003 | 0 | ||
| 005 | 20160609165116.0 | ||
| 008 | 091019t xxu||||| |||| 00| 0 eng d | ||
| 020 | _a2-7081-3228-8 | ||
| 040 |
_aBUAC _bFR _cBAC |
||
| 041 | _aFR | ||
| 082 | _a303.4 SAM | ||
| 100 |
_aSample, Steven _91455 |
||
| 245 |
_aDevenez un grand leader _c/Steven Sample |
||
| 260 |
_aParis _bNouveaux Horizons;Edition d'Organisation _c2005 |
||
| 300 |
_a239p. _bCouv. en coul. _c23 cm |
||
| 650 |
_aL'art de l'écoute _91456 |
||
| 650 |
_aPensée nuancée et affranchie _91457 |
||
| 700 |
_aBennis, Warren _91458 |
||
| 700 |
_aTrad. de l'américain par Sabine Rolland _91459 |
||
| 942 | _cLIVR | ||
| 999 |
_c46391 _d46391 |
||